| 000 | 01251cam a2200373 i 4500 | ||
|---|---|---|---|
| 999 |
_c200451255 _d69467 |
||
| 001 | 200451255 | ||
| 003 | TR-AnTOB | ||
| 005 | 20241121135840.0 | ||
| 007 | ta | ||
| 008 | 201229s2022 tu a rc 000 0 tur d | ||
| 020 | _a9786057379948 (hardcover) | ||
| 035 | _a(TR-AnTOB)200439026 | ||
| 040 |
_aTR-AnTOB _beng _erda _cTR-AnTOB |
||
| 041 | 0 |
_atur _aeng |
|
| 050 | 1 | 4 |
_aNA1373.S5 _bS23 2022 |
| 090 |
_aNA1373.S5 _bS23 2022 |
||
| 100 | 1 |
_aSaatçi, Suphi _d1946- _eauthor _911894 |
|
| 245 | 1 | 0 |
_aMarmara’nın Mimarı Sinan = _bSinan the architect of Marmara / _cSuphi Saatçi. |
| 246 | 1 | 1 | _aSinan the architect of Marmara. |
| 250 | _a2. baskı. | ||
| 264 | 1 |
_aİstanbul : _bMarmara Belediyeler Birliği Kültür Yayınları, _c2020. |
|
| 264 | 4 | _c©2022 | |
| 300 |
_a435 pages : _bcolor illustrations ; _c30 cm |
||
| 336 |
_atext _btxt _2rdacontent |
||
| 337 |
_aunmediated _bn _2rdamedia |
||
| 338 |
_avolume _bnc _2rdacarrier |
||
| 490 | 0 |
_aMarmara Belediyeler Birliği Kültür Yayınları ; _vNo 147 |
|
| 504 | _aBIB | ||
| 600 | 0 | 0 |
_aSinan, _cMimar, _d1489 or 1490-1588 _939745 |
| 650 | 7 |
_aMimari, Osmanlı _zTürkiye _2etuturkob _977083 |
|
| 650 | 7 |
_aMimari _zTürkiye _2etuturkob _998555 |
|
| 942 |
_2lcc _cBK |
||